000 00253nam a22001097a 4500
020 _a9780060158842
082 _a808.042 ZIN
245 _aWriting to learn
_c Zinsser, William
260 _a New York
_bHarper & Row
590 _a.....
942 _2ddc
_cBK
999 _c616996
_d616996